| 000 | 00441nam a2200181Ia 4500 | ||
|---|---|---|---|
| 001 | 4266 | ||
| 005 | 20260306145743.0 | ||
| 008 | 260306t2000||||xx |||||||||||||| ||spa|| | ||
| 041 | _aESP | ||
| 082 |
_a320.1 _bH62D |
||
| 100 |
_aHobbes, Thomas _eAUT |
||
| 245 | 0 |
_aDe Cive: _belementos filosóficos sobre el ciudadano |
|
| 260 | _c2000 | ||
| 300 |
_a354 páginas : _c17 cm. |
||
| 650 | _aGEN | ||
| 654 | _aCDE | ||
| 942 |
_cLIB _dJUS _fJUS _2ddc _n |
||
| 999 |
_c4266 _d4266 |
||